Les trophées des music shows de Nct 127 - Statistiques

Statistiques générales
  • Ce quiz a été pris 12 fois
  • Le résultat moyen est 12 sur 13
Statistiques - réponses
Nombres de trophées Title tracks % Correct
3 Favorite (Vampire)
100%
1 Kick It
100%
4 Punch
100%
4 Regular
100%
10 Sticker
100%
3 Walk
100%
2 2 Baddies
89%
1 Cherry Bomb
89%
2 Superhuman
89%
3 Ay-Yo
78%
4 Fact Check
78%
1 Touch
78%
2 Be There For Me
56%
Aucun quiz correspondant
Distribution des résultats
% des personnes avec chaque résultat
Percentile par nombre de réponses
Votre historique - résultats
Vous n’avez pas pris ce quiz